Taittiriyopanisad (Record no. 414470)

MARC details
000 -LEADER
fixed length control field 00784nam a2200265Ia 4500
003 - CONTROL NUMBER IDENTIFIER
control field OSt
005 - DATE AND TIME OF LATEST TRANSACTION
control field 20220924123133.0
008 - FIXED-LENGTH DATA ELEMENTS--GENERAL INFORMATION
fixed length control field 220923b |||||||| |||| 00| 0 san d
037 ## - SOURCE OF ACQUISITION
Terms of availability Textual
040 ## - CATALOGING SOURCE
Original cataloging agency ARTS
Transcribing agency ARTS
Language of cataloging san
041 ## - LANGUAGE CODE
Source of code san
Language code of text/sound track or separate title san
100 ## - MAIN ENTRY--PERSONAL NAME
Personal name Bhashyam Ed.
9 (RLIN) 191774
245 #0 - TITLE STATEMENT
Title Taittiriyopanisad
260 ## - PUBLICATION, DISTRIBUTION, ETC.
Place of publication, distribution, etc. Melkote
Name of publisher, distributor, etc. Academy of Sanskrit Research India
Date of publication, distribution, etc. 2005
300 ## - PHYSICAL DESCRIPTION
Extent lxvii,363p.
Dimensions cm.
650 ## - SUBJECT ADDED ENTRY--TOPICAL TERM
Topical term or geographic name entry element HINDUISM - TAITTIRIYA
9 (RLIN) 191775
650 ## - SUBJECT ADDED ENTRY--TOPICAL TERM
Topical term or geographic name entry element SANSKRIT
942 ## - ADDED ENTRY ELEMENTS (KOHA)
Classification part Q125:24, 15P5
Koha item type Textual
Source of classification or shelving scheme Colon Classification (CC)
Holdings
Withdrawn status Lost status Damaged status Not for loan Home library Current library Date acquired Source of acquisition Cost, normal purchase price Total Checkouts Full call number Barcode Date last seen Date last checked out Cost, replacement price Price effective from Koha item type
        Arts Library Arts Library 2022-09-24 231, 29/09/2011, Eastern Book Linkers 260.00 1 Q125:24 15P5 AL1485922 2025-12-22 2025-11-28 260.00 2022-09-24 Textual
Copyright @ Delhi University Library System